Statistics for Schalke 04 2010's Starting XI

Click here to take the quiz!

General Stats

  • This quiz has been taken 1,150 times
    (911 since last reset)
  • The average score is 22 of 53

Answer Stats

Player% Correct
Klaas-Jan Huntelaar
87%
Manuel Neuer
84%
Ralf Fährmann
77%
Raúl
74%
Jefferson Farfán
70%
Leroy Sané
70%
Salif Sané
70%
Joël Matip
66%
Julian Draxler
65%
Sead Kolašinac
64%
Matija Nastasić
62%
Nabil Bentaleb
62%
Naldo
61%
Benedikt Höwedes
60%
Amine Harit
56%
Leon Goretzka
54%
Weston McKennie
54%
Guido Burgstaller
53%
Alexander Nübel
52%
Eric Maxim Choupo-Moting
52%
Breel Embolo
51%
Christian Fuchs
49%
Atsuto Uchida
48%
Daniel Caligiuri
47%
Max Meyer
46%
Benjamin Stambouli
42%
Franco Di Santo
42%
Kevin-Prince Boateng
39%
Roman Neustädter
39%
Ivan Rakitić
38%
Alessandro Schöpf
35%
Jermaine Jones
35%
Kyriakos
33%
Rafinha
29%
José Manuel Jurado
28%
Timo Hildebrand
26%
Thilo Kehrer
24%
Bastian Oczipka
23%
Kevin Kurányi
23%
Lars Unnerstall
21%
Suat Serdar
21%
Christoph Metzelder
19%
Marcelo Bordon
19%
Júnior Caiçara
17%
Lewis Holtby
16%
Dennis Aogo
13%
Dennis Aogo
13%
Marco Höger
13%
Heiko Westermann
12%
Johannes Geis
12%
Peer Kluge
10%
Lukas Schmitz
8%
Christoph Moritz
7%

Score Distribution

Percentile by Number Answered

Percent of People with Each Score

Your Score History

You have not taken this quiz since the last reset